Models of the oil market / (Record no. 20171)
[ view plain ]
| 000 -LEADER | |
|---|---|
| fixed length control field | 01157nam a22002775a 4500 |
| 005 - DATE AND TIME OF LATEST TRANSACTION | |
| control field | 20160121145429.0 |
| 008 - FIXED-LENGTH DATA ELEMENTS--GENERAL INFORMATION | |
| fixed length control field | 150705s2013 at a frb 001 0 eng d |
| 020 ## - INTERNATIONAL STANDARD BOOK NUMBER | |
| International Standard Book Number | 9780415866231 (pbk) |
| 020 ## - INTERNATIONAL STANDARD BOOK NUMBER | |
| International Standard Book Number | 9780415274616 (hbk) |
| 040 ## - CATALOGING SOURCE | |
| Original cataloging agency | EG-ScBUE |
| Language of cataloging | eng |
| Transcribing agency | EG-ScBUE |
| Modifying agency | EG-ScBUE |
| 082 04 - DEWEY DECIMAL CLASSIFICATION NUMBER | |
| Edition number | 22 |
| Classification number | 382.42282072 |
| Item number | CRE |
| 100 1# - MAIN ENTRY--PERSONAL NAME | |
| Personal name | CreÌmer, Jacques, |
| 9 (RLIN) | 39136 |
| Dates associated with a name | 1949- |
| 245 10 - TITLE STATEMENT | |
| Title | Models of the oil market / |
| Statement of responsibility, etc | Jacques Crémer and Djavad Salehi-Isfahani. |
| 260 ## - PUBLICATION, DISTRIBUTION, ETC. (IMPRINT) | |
| Place of publication, distribution, etc | [Canberra] : |
| Name of publisher, distributor, etc | Harwood Academic Publishers ; |
| Place of publication, distribution, etc | Oxon ; |
| -- | New York : |
| Name of publisher, distributor, etc | Routledge / Taylor & Francis Group, |
| Date of publication, distribution, etc | 2013. |
| 300 ## - PHYSICAL DESCRIPTION | |
| Extent | ix, 106 p. : |
| Other physical details | ill. ; |
| Dimensions | 23 cm. |
| 490 0# - SERIES STATEMENT | |
| Series statement | Harwood fundamentals of pure and applied economics, |
| International Standard Serial Number | 0191-1708 ; |
| Volume number/sequential designation | v. 44. |
| 500 ## - GENERAL NOTE | |
| General note | Index : p. 105-106. |
| 500 ## - GENERAL NOTE | |
| General note | Title page: "A volume in the Natural Resources and Environmental Economics section edited by C. Henry". |
| 504 ## - BIBLIOGRAPHY, ETC. NOTE | |
| Bibliography, etc | Bibliography : p. 98-103. |
| 650 #7 - SUBJECT ADDED ENTRY--TOPICAL TERM | |
| Source of heading or term | BUEsh |
| Topical term or geographic name as entry element | Petroleum industry and trade |
| General subdivision | Mathematical models. |
| 9 (RLIN) | 39137 |
| 651 ## - SUBJECT ADDED ENTRY--GEOGRAPHIC NAME | |
| Source of heading or term | BUEsh |
| 653 ## - INDEX TERM--UNCONTROLLED | |
| Resource For college | BAEPS, Business Administration |
| Arrived date list | July2015 |
| -- | January2016 |
| 700 1# - ADDED ENTRY--PERSONAL NAME | |
| Personal name | Salehi-Isfahani, Djavad, |
| 700 1# - ADDED ENTRY--PERSONAL NAME | |
| Personal name | Henry, C., |
| Relator term | editor. |
| 9 (RLIN) | 7179 |
| 942 ## - ADDED ENTRY ELEMENTS (KOHA) | |
| Source of classification or shelving scheme | Dewey Decimal Classification |
| Withdrawn status | Lost status | Source of classification or shelving scheme | Damaged status | Not for loan | Koha collection | Home library | Current library | Shelving location | Date acquired | Source of acquisition | Cost, normal purchase price | Serial Enumeration / chronology | Total Checkouts | Full call number | Barcode | Date last seen | Date last borrowed | Cost, replacement price | Koha item type |
|---|---|---|---|---|---|---|---|---|---|---|---|---|---|---|---|---|---|---|---|
| Dewey Decimal Classification | Baccah | Central Library | Central Library | First floor | 05/07/2015 | Purchase | 274.00 | 22353 | 1 | 382.42282072 CRE | 000038899 | 15/07/2025 | 21/03/2016 | 343.00 | Book - Borrowing |